Implementácia kompresných algoritmov v paralelnom prostredí = Implementation of compression algorithms for parallel systems : Diplomová práca /

Uložené v:
Podrobná bibliografia
Hlavný autor: Bebjak, Stanislav (Autor)
Ďalší autori: Dado, Boris (Vedúci práce)
Médium: Rukopis Kniha
Vydavateľské údaje: Bratislava : STU v Bratislave FEI, 1997
Predmet:
Tagy: Pridať tag
Žiadne tagy, Buďte prvý, kto otaguje tento záznam!

MARC

LEADER 00000ntm a22000003a 4500
001 stu9982
005 20160719164948.9
008 970707s1997----------------------------d
040 |a STU  |b slo 
041 0
100 1 |a Bebjak, Stanislav  |4 aut 
245 1 |a Implementácia kompresných algoritmov v paralelnom prostredí = Implementation of compression algorithms for parallel systems :  |b Diplomová práca /  |c [aut.] Bebjak,Stanislav; Škol. Dado,Boris 
260 |a Bratislava :  |b STU v Bratislave FEI,  |c 1997 
300 |a 46 s  |c disketa 
650 7 |a informatika  |2 stusub 
700 1 |a Dado, Boris  |4 ths  |u E220  |U FEI Fakulta elektrotechniky a informatiky  |T FEI Katedra informatiky a výpočtovej techniky  |U E220  |Y 69 
996 |b EDIPL-5301  |c I*DIPL-5301  |l II680  |s A  |a 24  |w stu9982_0001